Statistics for Teams That Have Beaten Florida Since 2008 In College Football

Click here to take the quiz!

General Stats

  • This quiz has been taken 107 times
  • The average score is 28 of 32

Answer Stats

DateBowl GameScoreAnswer% Correct
10/2/2010-31-6Alabama
100%
12/5/20152015 SEC Championship Game29-15Alabama
100%
10/1/2011-38-10Alabama
100%
9/20/2014-42-21Alabama
100%
12/5/20092009 SEC Championship Game32-13Alabama
100%
11/2/2013-23-20Georgia
96%
10/29/2011-24-20Georgia
96%
10/27/2012-17-9Georgia
96%
10/12/2013-17-6LSU
95%
10/17/2015-35-28LSU
95%
10/9/2010-33-29LSU
95%
10/11/2014-30-27LSU
95%
10/8/2011-41-11LSU
95%
11/29/2014-24-19Florida State
93%
11/30/2013-37-7Florida State
93%
11/28/2015-27-2Florida State
93%
11/26/2011-21-7Florida State
93%
11/27/2010-31-7Florida State
93%
10/15/2011-17-6Auburn
86%
11/15/2014-23-20 (OT)South Carolina
83%
11/16/2013-19-14South Carolina
83%
11/13/2010-36-14South Carolina
83%
11/12/2011-17-12South Carolina
83%
1/1/20162016 Buffalo Wild Wings Citrus Bowl41-7Michigan
80%
10/18/2014-42-13Missouri
79%
10/19/2013-36-17Missouri
79%
9/27/2008-31-30Ole Miss
79%
9/7/2013-21-16Miami
78%
11/9/2013-34-17Vanderbilt
75%
10/16/2010-10-7Mississippi State
71%
1/2/20132013 AllState Sugar Bowl33-23Louisville
55%
11/23/2013-26-20Georgia Southern
41%

Score Distribution

Percentile by Number Answered

Percent of People with Each Score

Your Score History

You have not taken this quiz